|
|
|
|
| LEADER |
00776nab#a2200313#ar4500 |
| 001 |
000126558 |
| 003 |
SVKKK |
| 005 |
20190510113958.0 |
| 008 |
080218c2018 xo |||||||||||||||b|cze |
| FMT |
|
|
|
| 038 |
|
|
|a SVKKK
|
| 040 |
|
|
|a SVKKK
|b slo
|e AACR2
|
| 041 |
0 |
|
|a cze
|
| 044 |
|
|
|a xr
|c CZ
|
| 080 |
|
|
|a 627.51
|2 2011
|
| 100 |
1 |
|
|a Mušinka, Alexander
|4 aut
|
| 245 |
1 |
0 |
|a Tragédie, která odhalila bídu
|c Alexander Mušinka ; Petr Axmann
|
| 300 |
|
|
|b Fotogr.
|
| 650 |
0 |
4 |
|a povodne
|x rómske osady
|z Prešovský kraj (Slovensko)
|
| 655 |
|
4 |
|a romiká
|
| 700 |
1 |
|
|a Axmann, Petr
|4 pht
|
| 773 |
0 |
|
|t Romano voďi
|g Roč. 15, č. 7-8 (2018), s. 8-9
|
| 958 |
|
|
|a RQ
|
| 974 |
|
|
|a Fav
|
| 992 |
|
|
|a RBX
|
| BAS |
|
|
|
| XXX |
|
|
|a 000126470
|
| 852 |
|
|
|a SVKKK
|b BIB
|
| 998 |
|
|
|a ROM
|